[Event "Niedersachsen-ch Seniors 39th"]
[Site "Wingst"]
[Date "2005.03.07"]
[Round "5"]
[White "Fritsch, Juergen"]
[Black "Dan, Efim"]
[Result "0-1"]
[WhiteElo "2033"]
[BlackElo "2127"]
[PlyCount "72"]
[EventDate "2005.03.03"]
[EventType "swiss"]
[EventRounds "9"]
[EventCountry "GER"]
[SourceTitle "EXT 2006"]
[Source "ChessBase"]
[SourceDate "2005.11.24"]
[SourceVersion "1"]
[SourceVersionDate "2005.11.24"]
[SourceQuality "1"]

1. d4 Nf6 2. Nf3 g6 3. Bf4 Bg7 4. e3 0-0 5. Nbd2 d6 6. Bc4 c5 7. c3 a6 8. 0-0 cxd4 9. exd4 Nc6 10. Re1 b5 11. Bb3 b4 12. d5 bxc3 13. dxc6 cxd2 14. Qxd2 Bg4 15. Rac1 Bxf3 16. gxf3 d5 17. Be5 e6 18. Qc3 Ne8 19. f4 Bh6 20. Qg3 Nd6 21. f3 Nf5 22. Qg4 Rc8 23. c7 Qd7 24. Bf6 Rxc7 25. Rcd1 Qd6 26. Be5 Qb6+ 27. Kh1 Rcc8 28. Qg1 Qxg1+ 29. Kxg1 f6 30. Bc3 Kf7 31. Rxe6 Kxe6 32. Bxd5+ Kd7 33. Bb3+ Nd6 34. Ba4+ Ke7 35. Re1+ Kf7 36. Bb3+ Kg7 0-1

[Event "Niedersachsen-ch Seniors 38th"]
[Site "Wingst"]
[Date "2004.03.24"]
[Round "9"]
[White "Ljubarskij, Jurij"]
[Black "Dan, Efim"]
[Result "0-1"]
[WhiteElo "2306"]
[BlackElo "1960"]
[PlyCount "122"]
[EventDate "2004.03.16"]
[EventType "swiss"]
[EventRounds "9"]
[EventCountry "GER"]
[SourceTitle "EXT 2006"]
[Source "ChessBase"]
[SourceDate "2005.11.24"]
[SourceVersion "1"]
[SourceVersionDate "2005.11.24"]
[SourceQuality "1"]

1. b4 e5 2. Bb2 Bxb4 3. Bxe5 Nf6 4. Nf3 0-0 5. c4 Nc6 6. Bb2 d5 7. e3 Bf5 8. cxd5 Nxd5 9. Be2 Re8 10. 0-0 Qe7 11. Qb3 Rad8 12. Nd4 Nxd4 13. Bxd4 c5 14. Bb2 a6 15. Bf3 Be6 16. Qc2 c4 17. Nc3 Nf6 18. Rfd1 Qd7 19. a3 Ba5 20. Ne4 Nxe4 21. Bxe4 h6 22. Bc3 Bc7 23. d3 Qe7 24. dxc4 Bxc4 25. Bf3 b5 26. Bc6 Bxh2+ 27. Kxh2 Qc7+ 28. Kg1 Qxc6 29. Ba5 Rc8 30. Rd4 Re6 31. Rad1 Rce8 32. Rg4 Rd6 33. Rxd6 Qxd6 34. Bb4 Qe6 35. Rd4 Qb6 36. Qd2 Qc7 37. Rd7 Qe5 38. Bc3 Qc5 39. Bb4 Qf5 40. Rd8 Rxd8 41. Qxd8+ Kh7 42. Qd4 f6 43. e4 Qf4 44. Bd2 Qg4 45. f3 Qe6 46. Bb4 Qc6 47. Kf2 h5 48. Qc5 Qxc5+ 49. Bxc5 g5 50. Bd4 Kg6 51. Bc3 h4 52. Ke3 Kf7 53. Ba5 Ke7 54. Bb4+ Kd7 55. Bc3 Ke7 56. Ba5 Bf1 57. Kf2 h3 58. gxh3 Bxh3 59. Ke3 g4 60. fxg4 Bxg4 61. Kf4 Bh3 0-1